Geography - Typhoon Haiyan - Statistics

General Stats
  • This quiz has been taken 32 times
  • The average score is 2 of 18
Answer Stats
Hint Answer % Correct
What percentage of Tacloban was destroyed? 90
100%
By what percentage did rice prices rise? 12
12%
How many people died? 6190
12%
How many tonnes of crops were destroyed? 11 million
6%
How many days did it take for the airport to reopen? 3
6%
How many countries sent help? 33
6%
How many people were made homeless? 4.1 million
6%
What percentage of farmers lost their income? 75
6%
How many died in stampede for food supplies? 8
6%
How many houses were damaged? 11 million
0%
What was the cost of the damage (USD)? 12 billion
0%
How many people were effected? 14.1
0%
How many tonnes of food were provided? 14.2
0%
How many farmers were affected? 1 million
0%
How many food packs were distibuted? 1 million
0%
How many litres of water were distrubuted? 250000
0%
How much money did the UN raise (GBP)? 480 million
0%
How many people were evacuated? 80000
0%
No matching quizzes found
Score Distribution
Percent of People with Each Score
Percentile by Number Answered
Your Score History
You have not taken this quiz